| 000 | nam a22 7a 4500 | ||
|---|---|---|---|
| 999 |
_c15944 _d15944 |
||
| 008 | 161107b xxu||||| |||| 00| 0 eng d | ||
| 020 | _a9780323025867 | ||
| 020 | _a0323025862 | ||
| 050 | _aRT 41 .P68 2005 | ||
| 100 | _aPotter, Patricia Ann | ||
| 245 |
_aFundamentals of Nursing/ _cPatricia Ann Potter and Ann Griffin Perry |
||
| 250 | _a9th ed. | ||
| 260 |
_aSt. Louis, MO: _bMosby, _c2005 |
||
| 300 |
_axliii, 1728p. : _bill. ; _c29 cm _eCD _fcm _g12 |
||
| 500 | _aIncludes bibliographical references and index. | ||
| 650 | _aNursing. | ||
| 650 | _aNursing care. | ||
| 650 | _aNurse-patient relations. | ||
| 700 | _aPerry, Ann Griffin | ||
| 942 |
_2lcc _cBOOKS _hRT 41 .P68 2005 |
||